000 nam a22 7a 4500
999 _c15897
_d15897
008 161107b xxu||||| |||| 00| 0 eng d
020 _a0321092465
020 _a9780321092465
050 _aLB 3013 .F53 2002
100 _aFlatley, Joannis K.
245 _aThe Longman Guide to classroom management/
_cJoannis K. Flatley
260 _aNew York :
_b Longman,
_c©2002.
300 _a47p. :
650 _aClassroom management.
650 _aSchool discipline.
650 _a Problem youth.
942 _2lcc
_cBOOKS
_hLB 3013 .F53 2002